000 00235 a2200097 4500
001 13407
100 _aTierney, B
245 _aGreat issues in western civilizations
260 _aNew York
_bColumbia university
_c
090 _c10420
_d10420
942 _aNUST-CAE
_cM
_c471
999 _c248480
_d248480